MyGZULibrary

Plots and characters in Shona fiction, 1956-1984 : (Record no. 5645)

MARC details
000 -LEADER
fixed length control field 00979nam a2200289 a 4500
001 - CONTROL NUMBER
control field 1085857
003 - CONTROL NUMBER IDENTIFIER
control field GZU
005 - DATE AND TIME OF LATEST TRANSACTION
control field 20210412122913.0
008 - FIXED-LENGTH DATA ELEMENTS--GENERAL INFORMATION
fixed length control field 910711s1990 rh b 000 0 eng
010 ## - LIBRARY OF CONGRESS CONTROL NUMBER
LC control number 91981185
020 ## - INTERNATIONAL STANDARD BOOK NUMBER
International Standard Book Number 0869224794
040 ## - CATALOGING SOURCE
Original cataloging agency DLC
Transcribing agency DLC
043 ## - GEOGRAPHIC AREA CODE
Geographic area code f-rh---
050 00 - LIBRARY OF CONGRESS CALL NUMBER
Classification number PL8681
Item number .K34 1990
082 00 - DEWEY DECIMAL CLASSIFICATION NUMBER
Classification number 896/.39753
Edition number 20
100 1# - MAIN ENTRY--PERSONAL NAME
Personal name Kahari, George P.
245 10 - TITLE STATEMENT
Title Plots and characters in Shona fiction, 1956-1984 :
Remainder of title a handbook /
Statement of responsibility, etc. George P. Kahari.
260 ## - PUBLICATION, DISTRIBUTION, ETC.
Place of publication, distribution, etc. Gweru [Zimbabwe] :
Name of publisher, distributor, etc. Mambo Press,
Date of publication, distribution, etc. 1990.
300 ## - PHYSICAL DESCRIPTION
Extent x, 309 p. ;
Dimensions 22 cm.
500 ## - GENERAL NOTE
General note Includes bibliography
504 ## - BIBLIOGRAPHY, ETC. NOTE
Bibliography, etc. note Includes bibliographical references (p. 307-309).
650 #0 - SUBJECT ADDED ENTRY--TOPICAL TERM
Topical term or geographic name entry element Shona fiction
General subdivision Stories, plots, etc.
650 #0 - SUBJECT ADDED ENTRY--TOPICAL TERM
Topical term or geographic name entry element Shona literature
General subdivision History and criticism.
906 ## - LOCAL DATA ELEMENT F, LDF (RLIN)
a 7
b cbc
c orignew
d 3
e ncip
f 19
g y-gencatlg
942 ## - ADDED ENTRY ELEMENTS (KOHA)
Source of classification or shelving scheme Library of Congress Classification
Koha item type Books
Classification part 8681
Item part KAH
Call number prefix PL
Call number suffix 1990
Holdings
Withdrawn status Lost status Damaged status Not for loan Collection code Home library Current library Shelving location Date acquired Total Checkouts Full call number Barcode Date last seen Date last checked out Copy number Price effective from Koha item type
        Non-fiction City Campus Library City Campus Library General Stacks 04/12/2021 1 PL8681 KAH 1990 G21924 06/09/2022 06/08/2022 c.1 04/12/2021 Books
        Fiction Mashava Campus Library Mashava Campus Library General Stacks 05/21/2021   PL 8681 KAH 1990 G22180 05/21/2021   c-2 05/21/2021 Books